00329nam a2200121Ia 4500008004100000082002000041100001900061245002800080250000800108260004200116300001000158650003900168150201s2012 xx 000 0 und d a617.601bC1994J aANTHONY.W.JONG aCOMMUNITY DENTAL HEALTH a2ND bVARGHESE PUBLICATIONaRAJASTHANc2012 a1-342 aPREVENTIVE AND COMMUNITY DENTISTRY